[Event "Let's Play Chess!"]
[Site "http://www.queenalice.com/game.php?id=1869290"]
[Date "2026.2.17"]
[Round "-"]
[White "alow_proton"]
[Black "donadama"]
[Result "0-1"]
[WhiteElo "2104"]
[BlackElo "1981"]

1. e4 c6 2. d4 d5 3. e5 Bf5 4. c4 e6 5. c5 Ne7 6. Nc3 b6 7. b4 bxc5 8. bxc5 Nd7
9. Bd3 Bxd3 10. Qxd3 Rb8 11. Rb1 Nf5 12. Nf3 Be7 13. O-O O-O 14. Bd2 Qc7 15. g4
Nh4 16. Nxh4 Bxh4 17. f4 f6 18. a4 fxe5 19. fxe5 Rxf1+ 20. Qxf1 Rf8 21. Qh3 Bf2+
22. Kh1 Bxd4 23. Re1 Bxe5 24. g5 Nxc5 25. Ne2 Rf5 26. Ng3 Bxg3 27. hxg3 Nd3 28.
Rf1 Rxf1+ 29. Qxf1 Qxg3 30. Qg2 Qxg2+ 31. Kxg2 Kf7 32. Kf3 e5 33. Ke3 Nf4 34. a5
h6 35. gxh6 gxh6 36. Be1 Ng2+ 37. Ke2 Nxe1 0-1

[Event "Let's Play Chess!"]
[Site "http://www.queenalice.com/game.php?id=1869291"]
[Date "2026.2.17"]
[Round "-"]
[White "donadama"]
[Black "alow_proton"]
[Result "1-0"]
[WhiteElo "1983"]
[BlackElo "2111"]

1. d4 d5 2. Nf3 Nf6 3. Bg5 e6 4. e3 c5 5. c3 Be7 6. Nbd2 c4 7. Qc2 O-O 8. Be2 b5
9. O-O Nc6 10. Rfe1 Ne8 11. Bxe7 Qxe7 12. e4 Qc7 13. exd5 exd5 14. b3 Nd6 15.
bxc4 bxc4 16. Ng5 h6 17. Qh7# 1-0

[Event "AUTO-OPEN-4639"]
[Site "http://www.queenalice.com/game.php?id=1869385"]
[Date "2026.2.18"]
[Round "1"]
[White "zubarev"]
[Black "donadama"]
[Result "1/2-1/2"]
[WhiteElo "1649"]
[BlackElo "2032"]

1. e4 c6 2. d4 d5 3. exd5 cxd5 4. Nc3 e6 5. Nf3 Nf6 6. Be2 Be7 7. O-O O-O 8. Ne5
Nbd7 9. f4 a6 10. Be3 Qc7 11. Rc1 Bd6 12. Qe1 Nb6 13. a3 Qe7 14. Bd3 Bd7 15. Qf2
Bxe5 16. fxe5 Ng4 17. Qf3 Nxe3 18. Qxe3 Nc4 19. Bxc4 dxc4 20. Rf3 f6 21. exf6
Rxf6 22. Rcf1 Rxf3 23. Rxf3 Rf8 24. Rxf8+ Qxf8 25. Ne4 b5 26. c3 Qf5 27. Nc5 Bc8
28. Qe2 Qb1+ 29. Kf2 Qf5+ 30. Qf3 Kf7 31. Ke3 g6 32. Qa8 Qg5+ 33. Ke2 Qg4+ 34.
Kf2 Qh4+ 35. Ke2 Qg4+ 36. Kf2 Qf4+ 37. Ke2 Qg4+ 1/2-1/2

[Event "AUTO-OPEN-4639"]
[Site "http://www.queenalice.com/game.php?id=1869386"]
[Date "2026.2.18"]
[Round "1"]
[White "donadama"]
[Black "zubarev"]
[Result "1-0"]
[WhiteElo "2016"]
[BlackElo "1629"]

1. d4 d5 2. Nf3 Nc6 3. c3 Nf6 4. Bg5 e6 5. Nbd2 Be7 6. e3 O-O 7. Bd3 Bd7 8. O-O
h6 9. Bh4 Nh7 10. Bxe7 Qxe7 11. Qc2 f5 12. Rfe1 Ng5 13. Nxg5 Qxg5 14. Nf3 Qf6
15. a4 Be8 16. b4 a6 17. b5 axb5 18. Bxb5 f4 19. exf4 Qxf4 20. Bxc6 bxc6 21. Ne5
Ra5 22. Rab1 c5 23. Re3 Rxa4 24. Rf3 Qg5 25. Rxf8+ Kxf8 26. h3 cxd4 27. cxd4
Rxd4 28. Qc5+ Kg8 29. Qxd4 c5 30. Qe3 Qf5 31. Rb8 Kf8 32. Qxc5+ 1-0

[Event "AUTO-ADV-4920"]
[Site "http://www.queenalice.com/game.php?id=1869546"]
[Date "2026.2.21"]
[Round "1"]
[White "game"]
[Black "donadama"]
[Result "1-0"]
[WhiteElo "1690"]
[BlackElo "2004"]

1. e4 c6 2. d4 d5 3. e5 Bf5 4. Nf3 e6 5. Bg5 Be7 6. h4 h6 7. Bf4 Qb6 8. b3 c5 9.
Nc3 Nc6 10. Na4 Qc7 11. Nxc5 Bxc5 12. dxc5 Qa5+ 13. Bd2 Qxc5 14. Rc1 Qb6 15. Be3
Qc7 16. c4 d4 17. Bxd4 Nxd4 18. Qxd4 Rd8 19. Qxa7 Ra8 20. Qxa8+ 1-0

[Event "AUTO-ADV-4920"]
[Site "http://www.queenalice.com/game.php?id=1869547"]
[Date "2026.2.21"]
[Round "1"]
[White "donadama"]
[Black "game"]
[Result "1-0"]
[WhiteElo "1975"]
[BlackElo "1719"]

1. d4 b5 2. Bf4 d6 3. e3 f5 4. Bxb5+ Bd7 5. Bxd7+ Qxd7 6. h3 g6 7. c4 Nf6 8. Nf3
Nc6 9. O-O Ne4 10. Nc3 Na5 11. Nxe4 fxe4 12. Nd2 Qf5 13. d5 Bg7 14. Qa4+ Qd7 15.
Qxa5 Rb8 16. Rab1 O-O 17. Nb3 h6 18. Qd2 Rbc8 19. Nd4 e5 20. dxe6 Qe7 21. Bh2
Rf6 22. Qc2 c5 23. Nb5 Rd8 24. Bxd6 Rxd6 25. Nxd6 Qxd6 26. Qxe4 Kh7 27. Rbd1 Qb8
28. e7 Qe8 29. Rd8 Qf7 30. e8=Q 1-0

[Event "AUTO-ADV-4920"]
[Site "http://www.queenalice.com/game.php?id=1869562"]
[Date "2026.2.21"]
[Round "1"]
[White "donadama"]
[Black "Capixabba789"]
[Result "1-0"]
[WhiteElo "2002"]
[BlackElo "1838"]

1. d4 d5 2. Nf3 e6 3. Bg5 f6 4. Bh4 Be7 5. e3 Nc6 6. c3 Nh6 7. Bd3 b6 8. O-O Bb7
9. Re1 Qd7 10. Qc2 O-O-O 11. Qe2 g5 12. Bg3 g4 13. Nfd2 f5 14. Bf4 Nf7 15. Bb5
Kb8 16. c4 Nd6 17. Bxc6 Bxc6 18. c5 Ne4 19. Nxe4 dxe4 20. Nc3 h5 21. cxb6 axb6
22. Rac1 Bd6 23. Bxd6 Qxd6 24. Rc2 h4 25. Rec1 g3 26. fxg3 Rdg8 27. gxh4 Rxh4
28. g3 Rh3 29. Qf2 Rg4 30. Ne2 Bb7 31. Nf4 Rh8 32. Qe2 Qe7 33. Rxc7 Qg5 34. Qf2
Rgh4 35. h3 R4h7 36. Rxh7 Rxh7 37. Kg2 Qg8 38. Qe2 Rg7 39. Qf2 Ba6 40. Rc6 Kb7
41. Rxe6 Bd3 42. d5 Rd7 43. Qd2 Rc7 44. Nxd3 exd3 45. Qxd3 Qc8 46. Qxf5 Rc2+ 47.
Kf3 Rxb2 48. Re7+ Ka6 49. Qxc8+ 1-0

[Event "AUTO-ADV-4920"]
[Site "http://www.queenalice.com/game.php?id=1869563"]
[Date "2026.2.21"]
[Round "1"]
[White "Capixabba789"]
[Black "donadama"]
[Result "0-1"]
[WhiteElo "1825"]
[BlackElo "2018"]

1. d4 d5 2. Nc3 Nf6 3. f4 e6 4. Nf3 c5 5. e3 cxd4 6. Nxd4 a6 7. Bd3 Bc5 8. O-O
Nc6 9. Be2 Qc7 10. Nf3 O-O 11. Ne5 Nxe5 12. fxe5 Qxe5 13. Kh1 Bxe3 14. Bf3 Bxc1
15. Rxc1 Qc7 16. Qe1 Re8 17. Qh4 Qe7 18. Rce1 d4 19. Nd1 e5 20. Nf2 Nd7 21. Qe4
Nc5 22. Qe2 f6 23. Ne4 Nxe4 24. Bxe4 f5 25. Bd3 e4 26. b3 Qc5 27. Bc4+ Be6 28.
Bxe6+ Rxe6 29. Rc1 g6 30. a4 Rae8 31. Qf2 e3 32. Qf3 e2 33. Rfe1 d3 34. Qxd3 Re3
35. Qd7 Qb6 36. c4 Qxb3 37. Qd5+ R8e6 38. Qd8+ Kg7 39. Qd4+ R6e5 40. Qd7+ Kh6
41. Qd8 Re8 42. Qh4+ Kg7 43. Qd4+ R8e5 44. h3 Re4 45. Qd7+ Kh6 46. Qd2+ f4 47.
Rxe2 Rxe2 48. Qxf4+ Kg7 49. Qd4 Qe3 50. Qa1 Re1+ 51. Rxe1 Qxe1+ 0-1

[Event "AUTO-ADV-4920"]
[Site "http://www.queenalice.com/game.php?id=1869564"]
[Date "2026.2.21"]
[Round "1"]
[White "donadama"]
[Black "shmurtz91"]
[Result "1-0"]
[WhiteElo "2001"]
[BlackElo "1975"]

1. d4 Nf6 2. Nf3 d5 3. Bg5 Ne4 4. Bf4 Nd7 5. Nbd2 Ndf6 6. c3 e6 7. e3 c5 8. Bd3
Nh5 9. Bxe4 Nxf4 10. exf4 dxe4 11. Nxe4 b6 12. O-O Bb7 13. Qc2 Bc6 14. Rad1 Qd5
15. Rfe1 Be7 16. dxc5 1-0

[Event "AUTO-ADV-4920"]
[Site "http://www.queenalice.com/game.php?id=1869565"]
[Date "2026.2.21"]
[Round "1"]
[White "shmurtz91"]
[Black "donadama"]
[Result "0-1"]
[WhiteElo "1977"]
[BlackElo "2018"]

1. d4 d5 2. Nf3 e6 3. c4 Nf6 4. e3 c5 5. Nc3 Be7 6. b3 O-O 7. Bd3 b6 8. O-O Bb7
9. Bb2 Nbd7 10. Bc2 Rc8 11. Re1 dxc4 12. bxc4 cxd4 13. exd4 Rxc4 14. Qd3 Rc8 15.
Ng5 g6 16. Qh3 h5 17. Bxg6 fxg6 18. Qd3 Qe8 19. Nxe6 Qf7 20. d5 Nc5 21. Qd4 Nxe6
22. Rxe6 Rcd8 23. Rd1 Bxd5 0-1